000 00310nam a2200133Ia 4500
008 221030s9999 xx 000 0 und d
041 _aEnglish
082 _a105.23
100 _aW. H. Inmon
245 0 _aDeveloping Client / Server Applications
_cby W. H. Inmon
260 _c0
650 _aB
942 _cBK
999 _c12262
_d12262